Communes Limitrophes de Montpellier - Statistiques

Statistiques générales
  • Ce quiz a été pris 150 fois
  • Le résultat moyen est 5 sur 13
Statistiques - réponses
Communes % Correct
Sud-Est Lattes
85%
Ouest Juvignac
80%
Sud-Ouest Saint-Jean-de-Védas
78%
Nord-Ouest Grabels
48%
Est Mauguio
44%
Nord-Ouest Montferrier-sur-Lez
40%
Nord Clapiers
38%
Sud-Ouest Villeneuve-lès-Maguelone
26%
Nord Prade-le-Lez
19%
Nord-Est Saint-Aunès
17%
Sud-Est Boirargues
16%
Sud Maurin
16%
Nord-Est Clastelnau-le-Lez
1%
Aucun quiz correspondant
Distribution des résultats
% des personnes avec chaque résultat
Percentile par nombre de réponses
Votre historique - résultats
Vous n’avez pas pris ce quiz